Tour de France 2014-Classement général - Statistiques

Statistiques générales
  • Ce quiz a été pris 173 fois
  • Le résultat moyen est 9 sur 15
Statistiques - réponses
Rang Nationalité Équipe Nom Écart % Correct
1 Italie Astana Nibali 89h 59min 06s
100%
3 France FDJ Pinot + 8min 15s
99%
6 France AG2R Bardet + 11min 26s
97%
4 Espagne Movistar Valverde + 9min 40s
95%
11 France Europcar Rolland + 23min 07s
84%
2 France AG2R Peraud + 7min 37s
82%
5 États-Unis BMC Van Garderen + 11min 24s
79%
12 Luxembourg Trek-Segafredo Schleck + 25min 48s
73%
10 Pays-Bas Belkin Mollema + 21min 15s
59%
9 Pays-Bas Belkin Ten Dam + 18min 11s
38%
7 République tchèque Netapp-Endura Konig + 14min 32s
31%
13 Belgique Lotto-Belisol Van Den Broeck + 34min 01s
28%
8 Espagne Trek-Segafredo Zubeldia + 17min 57s
27%
15 Pays-Bas Belkin Kruijswijk + 38min 15s
23%
14 Russie Katusha Trofimov + 36min 41s
11%
Aucun quiz correspondant
Distribution des résultats
% des personnes avec chaque résultat
Percentile par nombre de réponses
Votre historique - résultats
Vous n’avez pas pris ce quiz